Vista normal
Vista MARC
- Somoano Berdasco, Rafael
Entrada Personal Name
Número de registros utilizados en: 1
001 - CONTROL NUMBER
- control field: 57244
003 - CONTROL NUMBER IDENTIFIER
- control field: IT-RoINE
005 - DATE AND TIME OF LATEST TRANSACTION
- control field: 20190218070040.0
008 - FIXED-LENGTH DATA ELEMENTS
- fixed length control field: 190218|| aca||aabn | a|a d
040 ## - CATALOGING SOURCE
- Original cataloging agency: IT-RoINE
- Transcribing agency: IT-RoINE
100 ## - HEADING--PERSONAL NAME
- Personal name: Somoano Berdasco, Rafael
670 ## - SOURCE DATA FOUND
- Source citation: Work cat.: (IT-RoINE)0: Somoano Berdasco, Rafael, Pacifismo, guerra y objeción de conciencia a la luz de la moral católica / , DL 1978.